Online katalóg knižníc regiónu Turca

Okolie Bratislavy (Record no. 20108)

MARC details
000 -LEADER
fixed length control field 01953nam a2200469 a 4500
001 - CONTROL NUMBER
control field 20108
003 - CONTROL NUMBER IDENTIFIER
control field VRT
005 - DATE AND TIME OF LATEST TRANSACTION
control field 20260116133538.0
008 - FIXED-LENGTH DATA ELEMENTS--GENERAL INFORMATION
fixed length control field 251113s2002 xo ab r yy 0 slo
015 ## - NATIONAL BIBLIOGRAPHY NUMBER
National bibliography number SNBE2003/01-00178
020 ## - INTERNATIONAL STANDARD BOOK NUMBER
International Standard Book Number 8088975476
035 ## - SYSTEM CONTROL NUMBER
System control number SNK000400578
039 #9 - LEVEL OF BIBLIOGRAPHIC CONTROL AND CODING DETAIL [OBSOLETE]
Level of rules in bibliographic description 202511131525
Level of effort used to assign nonsubject heading access points VLOAD
Level of effort used to assign subject headings 202406180814
Level of effort used to assign classification msnk180
Level of effort used to assign subject headings 202204261355
Level of effort used to assign classification AUTHORITY
Level of effort used to assign subject headings 202204261157
Level of effort used to assign classification AUTHORITY
040 ## - CATALOGING SOURCE
Original cataloging agency SNK
Language of cataloging slo
Transcribing agency SNK
Description conventions AACR2
041 0# - LANGUAGE CODE
Language code of text/sound track or separate title slo
044 ## - COUNTRY OF PUBLISHING/PRODUCING ENTITY CODE
MARC country code xo
ISO country code SK
080 ## - UNIVERSAL DECIMAL CLASSIFICATION NUMBER
Universal Decimal Classification number 908(437.6-13):796.51(234.372.3)(083.132)
Edition identifier 2. stred. slo
080 ## - UNIVERSAL DECIMAL CLASSIFICATION NUMBER
Universal Decimal Classification number 796.51
Edition identifier 2. stred. slo
100 1# - MAIN ENTRY--PERSONAL NAME
Personal name Lacika, Ján,
Dates associated with a name 1956-
Relationship fot
245 1# - TITLE STATEMENT
Title Okolie Bratislavy
Remainder of title Malé Karpaty : 50 peších turistických trás
Statement of responsibility, etc. Ján Lacika ; zostavil: Daniel Kollár ; fotografie: Ján Lacika, Miroslav Eliáš ; obálka: Ján Hladík
260 ## - PUBLICATION, DISTRIBUTION, ETC.
Place of publication, distribution, etc. Bratislava
Name of publisher, distributor, etc. Dajama
Date of publication, distribution, etc. 2002
300 ## - PHYSICAL DESCRIPTION
Extent 175 s.
Other physical details fotogr., mp., pl., rekl.
Dimensions 16 cm
490 1# - SERIES STATEMENT
Series statement S batohom po Slovensku
Volume/sequential designation 7
500 ## - GENERAL NOTE
General note Text čiast. angl., nem. a pol.
500 ## - GENERAL NOTE
General note Obsahuje reg.
500 ## - GENERAL NOTE
General note Výrezy máp: Vojenský kartografický ústav, Harmanec
651 #7 - SUBJECT ADDED ENTRY--GEOGRAPHIC NAME
Geographic name Bratislavsky kraj (Slovensko)
Source of heading or term SNK
651 #7 - SUBJECT ADDED ENTRY--GEOGRAPHIC NAME
Geographic name Malé Karpaty (Slovensko : pohorie)
Source of heading or term SNK
655 #7 - INDEX TERM--GENRE/FORM
Genre/form data or focus term informačné publikácie
Source of term SNK
655 #7 - INDEX TERM--GENRE/FORM
Genre/form data or focus term turistickí sprievodcovia (publikácie)
Source of term SNKPH
700 1# - ADDED ENTRY--PERSONAL NAME
Personal name Kollár, Daniel,
Dates associated with a name 1963-
Relationship com
700 1# - ADDED ENTRY--PERSONAL NAME
Personal name Eliáš, Miroslav,
Dates associated with a name 1982-
Relationship fot
700 1# - ADDED ENTRY--PERSONAL NAME
Personal name Hladík, Ján,
Dates associated with a name 1959-
Relationship bjd
710 0# - ADDED ENTRY--CORPORATE NAME
Corporate name or jurisdiction name as entry element Vojenský kartografický ústav (Harmanec, Slovensko)
Relationship aut
830 #0 - SERIES ADDED ENTRY--UNIFORM TITLE
Uniform title S batohom po Slovensku
942 ## - ADDED ENTRY ELEMENTS (KOHA)
Source of classification or shelving scheme Dewey Decimal Classification
Koha item type Odborná literatúra pre dospelých
Suppress in OPAC No
949 ## - LOCAL PROCESSING INFORMATION (OCLC)
6 17A0365619
9 P60, <03>, [BOOK], {603}
a snkSD 72529
b snkKSP 14636/2002
949 ## - LOCAL PROCESSING INFORMATION (OCLC)
6 17A0365620
9 P60, <04>, [BOOK], {604}
a snkSD 72529 D1
b snkKSP 14637/2002
949 ## - LOCAL PROCESSING INFORMATION (OCLC)
6 17A0399550
9 snkSLO/7 796.51(437.6)
a snkSD 72529 D2
b snkK 448/2003
949 ## - LOCAL PROCESSING INFORMATION (OCLC)
6 270001000340014
a svkbbA 126144
b svkbbm 704142
Holdings
Stav vyradenia Strata Poškodenie Spôsob nadobudnutia Domovská knižnica Aktuálna knižnica Dátum nadobudnutia Total checkouts Čiarový kód exemplára Date last seen Typ exemplára
      Dar Obecná knižnica Horná Štubňa Obecná knižnica Horná Štubňa 16.01.2026   9788088975472 16.01.2026 Odborná literatúra pre dospelých
Projekt je podporený Slovenskou asociáciou knižníc
Prevádzkuje Turčianska knižnica Martin 2026